000 01624nam a2200229Ia 4500
001 15695
003 GE_BSU
008 181216s||||||||xx |||||||||||||| ||und||
040 _cGE_BSU
080 _a821.353.1 + 821.03=353.1
100 _aჭავჭავაძე, ი. (ილია, 1837-1907)
245 _aთხზულებათა სრული კრებული : 20 ტომად. ტ. 3 : მხატვრული თარგმანები.
245 _cრედ.: გიორგი ციციშვილი. ტექსტი გამოსაც. მოამზადეს, ვარიანტები, შენიშვნ. და კომენტ. დაურთეს იზა დობორჯგინიძემ, მანანა იამანიძემ და თეიმურაზ ჩავლეიშვილმა ; ტომს იკონოგრაფ. მასალა და ფოტო-დოკუმენტები დაურთო გურამ შარაძემ ; მხატვ.: გ. ლომიძე
260 _aთბილისი
260 _bსაბჭ. საქართველო
260 _c1988
300 _bვარიანტები, კომენტარები, შენიშვნები, გვ.: 59-755.
300 _eანოტირებული საძიებელი: გვ. 756-761.
653 _aთხზულებათა სრული კრებული
653 _aმხატვრული თარგმანები
942 _cBK
999 _c48793
_d48793